Anti-corruption handbook for development practitioners (Record no. 34493)

MARC details
000 -LEADER
fixed length control field 00598nam a2200145 a 4500
008 - FIXED-LENGTH DATA ELEMENTS--GENERAL INFORMATION
fixed length control field 180208s2006 ||||||||||||||||| || u
050 ## - LIBRARY OF CONGRESS CALL NUMBER
Classification number JF 1081 Ant
110 ## - MAIN ENTRY--CORPORATE NAME
Corporate name or jurisdiction name as entry element Ministry for Foreign Affairs of Finland
245 10 - TITLE STATEMENT
Title Anti-corruption handbook for development practitioners
Statement of responsibility, etc. By Ministry for foreign affairs of finland
260 ## - PUBLICATION, DISTRIBUTION, ETC.
Place of publication, distribution, etc. Finland:
Date of publication, distribution, etc. 2006
300 ## - PHYSICAL DESCRIPTION
Extent 214p.: ill.
650 ## - SUBJECT ADDED ENTRY--TOPICAL TERM
Topical term or geographic name entry element CORRUPTION
650 ## - SUBJECT ADDED ENTRY--TOPICAL TERM
Topical term or geographic name entry element CORRUPTION--ECONOMIC ASPECTS
995 ## - RECOMMENDATION 995 [LOCAL, UNIMARC FRANCE]
-- CBU-MAIN LIBRARY (Kitwe)
-- 1
-- AVAILABLE
-- Feb 8, 2018
-- Main Library Open Access Collection
Holdings
Withdrawn status Lost status Source of classification or shelving scheme Damaged status Not for loan Home library Current library Shelving location Date acquired Total Checkouts Full call number Barcode Date last seen Price effective from Koha item type
          CBU-MAIN LIBRARY, KITWE. CBU-MAIN LIBRARY, KITWE.   11/30/2022   JF 1081 Ant 748298 11/30/2022 11/30/2022 MONOGRAPH